| 000 | 00368nam a22001577a 4500 | ||
|---|---|---|---|
| 003 | OSt | ||
| 008 | 240501b |||||||| |||| 00| 0 eng d | ||
| 020 | _a9789385401947 | ||
| 082 | _a620.1 KHP | ||
| 100 | _aKHURMI,RS | ||
| 245 | _aPrinciples of Engineering Mechanics | ||
| 260 |
_aNew Delhi _bS.Chand _c2016 |
||
| 300 | _a665 | ||
| 700 | _aKHURMI,N | ||
| 942 |
_2ddc _cBK |
||
| 999 |
_c12594 _d12594 |
||